00325nam a2200121Ia 4500008004100000041000800041082001200049100001900061245004500080260003600125300003100161365001100192240624s9999 xx 000 0 und d aeng a823 BAG aBAGCHI SUBROTO aELEPHANT CATCHERS KEY LESSONS FOR BREAKT c2013aNew DelhibHachette India axii, : 232 : p. : cm. ; 23 cRSb25